F1 Drivers who have a World Championship - Sudden Death! - Statistics

General Stats
  • This quiz has been taken 282 times
  • The average score is 10 of 15
Answers on the Grid
Answers color-coded by a green-red scale on the quiz's grid according to % correct below.
Bruce McLaren
Kevin Magnussen
Tom Jones
Eddie Irvine
Antonio Giovinazzi
Pierre Gasly
Jim Crawford
David Coulthard
Johnny Boyd
Valtteri Bottas
Michael Andretti
Keith Andrews
Kimi Antonelli
Alexander Albon
Carlo Abate
Kimi Räikkönen
Max Verstappen
Nico Rosberg
Lewis Hamilton
Sebastian Vettel
Damon Hill
Michael Schumacher
Nigel Mansell
Ayrton Senna
Nelson Piquet
Alain Prost
Jackie Stewart
Jim Clark
Graham Hill
Juan Manuel Fangio
 
Answer Stats
Answer % Correct
Max Verstappen
78%
Ayrton Senna
75%
Michael Schumacher
73%
Nico Rosberg
73%
Lewis Hamilton
72%
Kimi Räikkönen
71%
Sebastian Vettel
71%
Alain Prost
70%
Nelson Piquet
61%
Damon Hill
60%
Nigel Mansell
60%
Juan Manuel Fangio
58%
Graham Hill
55%
Jackie Stewart
55%
Jim Clark
53%
No matching quizzes found
Score Distribution
Percent of People with Each Score
Percentile by Number Answered
Your Score History
You have not taken this quiz